Zlatan Ibrahimovic Vereine - Sudden Death - Statistiken

Allgemein
  • Dieses Quiz wurde 1.032 mal gespielt
  • Das Durchschnittsergebnis liegt bei 7 aus 9
Answers on the Grid
Answers color-coded by a green-red scale on the quiz's grid according to % correct below.
AC Mailand
Ajax Amsterdam
FC Barcelona
FC Chelsea
FC Kopenhagen
FC Valencia
Feyenoord Rotterdam
Hammarby IF
Hellas Verona
IFK Göteborg
Inter Mailand
Inter Miami
Juventus Turin
LA Galaxy
Los Angeles FC
Malmö FF
Manchester City
Manchester United
Olympique Lyon
Olympique Marseille
Paris Saint-Germain
PSV Eindhoven
Real Madrid
Tottenham Hotspur
 
Antwortstatistiken
Antwort % Korrekt
AC Mailand
97%
FC Barcelona
89%
Ajax Amsterdam
84%
Inter Mailand
71%
Paris Saint-Germain
71%
LA Galaxy
66%
Manchester United
66%
Malmö FF
55%
Juventus Turin
52%
Keine übereinstimmenden Quizze gefunden
Verteilung der Resultate
Anzahl Personen mit jedem Resultat
Perzentil nach korrekt beantworteten Fragen
Ihre Resultats-Entwicklung
Sie haben dieses Quiz noch nicht gespielt